000 00461nam a2200181Ia 4500
005 20250603144940.0
008 250603s9999 xx 000 0 und d
020 _a978-1-260-05608-2
050 _aPN 1995 .B617/
100 _aBordwell, David; Thompson, Kristin; Smith, Jeff
245 0 _aFilm Art: An Introduction
260 _aNew York
260 _bMcGraw-Hill Education
260 _c2020
300 _a1663 p
650 _aNew York
942 _cBK
999 _c40430
_d40430